Percy Jackson : grafický román. Zloděj blesku /
Komiksové zpracování fantasy série o dvanáctiletém Percym, který je synem jednoho z řeckých bohů.
Uloženo v:
| Série: | Percy Jackson (komiks),
část |
|---|---|
| Hlavní autor: | |
| Další autoři: | , , |
| Médium: | E-kniha |
| Jazyk: | Czech |
| Vydáno: |
Praha :
Fragment,
2023
|
| Vydání: | 1. vydání |
| Témata: | |
| Příbuzné jednotky: | Z cyklu::
Percy Jackson (komiks) |
| Tagy: |
Žádné tagy |
| LEADER | 03198nam a2200601 i 4500 | ||
|---|---|---|---|
| 001 | 312025 | ||
| 003 | CZ PrSKC | ||
| 005 | 20260601215715.0 | ||
| 007 | ta | ||
| 008 | 230808s2023 xr a c 6 000 1 cze | ||
| 015 | |a cnb003536096 | ||
| 020 | |a 9788025363423 |q (vázáno) : |c Kč 349,00 | ||
| 035 | |a (OCoLC)1396730927 | ||
| 040 | |a BOA001 |b cze |e rda | ||
| 041 | 1 | |a cze |h eng | |
| 072 | 7 | |a 741.52 |x Komiksy. Komiksové adaptace |2 Konspekt | |
| 072 | 7 | |a 821-93 |x Literatura pro děti a mládež (beletrie) |2 Konspekt | |
| 080 | |a 741.52(0:82-322.9) |2 MRF | ||
| 080 | |a 821-93 |2 MRF | ||
| 080 | |a 741.52(0.046.6) |2 MRF | ||
| 080 | |a 821.111(73)-31 |2 MRF | ||
| 100 | 1 | |a Venditti, Robert, |d 1967- |7 xx0243115 |4 aut | |
| 240 | 1 | 0 | |a Lightning thief. |l Česky |
| 245 | 1 | 0 | |a Percy Jackson : |b grafický román. |p Zloděj blesku / |c napsal Rick Riordan ; adaptace Robert Venditti ; kresby Atilla Futaki ; z anglického originálu The lightning thief : the graphic novel ... přeložila Dana Chodilová |
| 246 | 3 | 0 | |a Zloděj blesku |
| 250 | |a 1. vydání | ||
| 264 | 1 | |a Praha : |b Fragment, |c 2023 | |
| 300 | |a 256 nečíslovaných stran : |b barevné ilustrace ; |c 24 cm | ||
| 336 | |a text |b txt |2 rdacontent | ||
| 336 | |a statický obraz |b sti |2 rdacontent | ||
| 337 | |a bez média |b n |2 rdamedia | ||
| 338 | |a svazek |b nc |2 rdacarrier | ||
| 520 | 2 | |a Komiksové zpracování fantasy série o dvanáctiletém Percym, který je synem jednoho z řeckých bohů. |b Percy Jackson dosud vídal mytologické příšery a olympské bohy jen na stránkách učebnic, teď mu však bez varování vstoupili do života. A co hůř, některé z nich se Percymu povedlo pořádně naštvat. Navíc se stal hlavním podezřelým z krádeže blesku vládce bohů Dia. Nyní má pouhých deset dnů na to, aby jeho ukradený majetek našel, vrátil zpět a při tom - jen tak mimochodem - nastolil mír na válčícím Olympu. Dokáže Percy s pomocí svých přátel tento nadlidský úkol zvládnout? Nakladatelská anotace. | |
| 521 | 8 | |a Pro čtenáře od 11 let | |
| 546 | |a Český text | ||
| 655 | 7 | |a fantasy komiksy |7 fd1057473 |2 czenas | |
| 655 | 7 | |a komiksové adaptace |7 fd1057342 |2 czenas | |
| 655 | 7 | |a americké romány |7 fd131796 |2 czenas | |
| 655 | 7 | |a publikace pro mládež |7 fd133157 |2 czenas | |
| 655 | 9 | |a fantasy comics |2 eczenas | |
| 655 | 9 | |a comics adaptations |2 eczenas | |
| 655 | 9 | |a American fiction |2 eczenas | |
| 655 | 9 | |a juvenile literature |2 eczenas | |
| 700 | 1 | |a Futaki, Attila, |d 1984- |7 xx0305095 |4 ill | |
| 700 | 1 | |a Chodilová, Dana, |d 1964- |7 xx0017374 |4 trl | |
| 700 | 1 | |i Komiksová adaptace díla: |a Riordan, Rick, |d 1964- |t Lightning thief | |
| 787 | 0 | 8 | |i Z cyklu: |t Percy Jackson (komiks) |
| 900 | |a ABA001 |b 21 | ||
| 928 | 9 | |a Albatros Media - Fragment | |
| 044 | |a xr | ||
| 910 | |a RBIT002 | ||
| 998 | |d 381673 |a https://core.palmknihy.cz/api/books/381673/cover?sibyty |b https://core.palmknihy.cz/api/books/381673/cover/400?sibyty |c https://core.palmknihy.cz/api/books/381673/cover/50?sibyty |e 2027-10-17 |g 128 |i 9788025363423 |k https://core.palmknihy.cz/api/books/381673/preview.pdf |l |q 49 |r 1 |s https://www.palmknihy.cz/kniha/381673 |t ebook |y 2023 |z 0 |v Percy Jackson (Grafický román) |w 1 | ||
| 999 | |d 312023 | ||